00881cam a2200301 a 4500001000700000003000400007005001700011008004100028010001800069020001500087035002000102035002300122035002700145035001600172040001800188050002200206082002100228100002700249245006000276250001200336260007400348300003700422500002000459504003200479650001700511650003100528700002000559879235OSt20151011093607.0901015s1989 enka b 001 0 eng  a 89000468  a0521370957 a(OCoLC)19125711 a(OCoLC)ocm19125711 a(CStRLIN)NYCG90-B64084 a(NNC)879235 aDLCcDLCdDLC00aTK7815b.H67 198900a621.381222bHPA1 aHorowitz, Paul,d1942-14aThe art of electronics /cPaul Horowitz, Winfield Hill. a2nd ed. aCambridge [England] ;aNew York :bCambridge University Press,c1989. axxiii, 1125 p. :bill. ;c26 cm. aIncludes index. aBibliography: p. 1095-1100. 0aElectronics. 0aElectronic circuit design.1 aHill, Winfield.